[Event "Auckland Waitangi op"]
[Site "Auckland"]
[Date "2023.02.04"]
[Round "3"]
[White "Jiang, Patrick"]
[Black "Hwang, Ryan"]
[Result "1-0"]
[WhiteElo "1398"]
[BlackElo "1416"]
[PlyCount "103"]
[EventDate "2023.02.03"]
[EventType "swiss"]
[EventRounds "6"]
[EventCountry "NZL"]
[SourceTitle "EXT 2024"]
[Source "ChessBase"]
[SourceDate "2023.10.10"]
[SourceVersion "1"]
[SourceVersionDate "2023.10.10"]
[SourceQuality "1"]

1. d4 Nf6 2. Nf3 g6 3. g3 Bg7 4. Bg2 0-0 5. 0-0 Re8 6. b3 d6 7. Bb2 Nbd7 8. c4 a5 9. a3 c5 10. d5 Nb6 11. Nc3 a4 12. Nd2 Bd7 13. bxa4 Bxa4 14. Qc1 Qc7 15. Nce4 Nxe4 16. Bxe4 Bxb2 17. Qxb2 e6 18. Bf3 exd5 19. cxd5 Re5 20. Rab1 Ra6 21. e4 Re8 22. Rfc1 Rb8 23. Be2 c4 24. Bxc4 Nxc4 25. Nxc4 Qe7 26. Qd4 Bd7 27. Rb6 Ra4 28. Rcb1 Bg4 29. R1b4 Rxb4 30. axb4 Rd8 31. e5 Bh3 32. Rxd6 Rc8 33. f4 b5 34. Nd2 Rc1+ 35. Kf2 Qc7 36. Ra6 Qc2 37. Ra8+ Kg7 38. e6+ Kh6 39. Kf3 Rd1 40. exf7 Bg2+ 41. Ke3 Re1+ 42. Kf2 Qd1 43. f8Q+ Kh5 44. g4+ Kxg4 45. f5+ Re4 46. h3+ Kh5 47. Qxe4 Bxe4 48. Nxe4 Qd4+ 49. Kf3 Qe5 50. Nf6+ Kg5 51. h4+ Kxf5 52. Ne4+ 1-0

[Event "NZL-ch op-B 130th"]
[Site "Wellington"]
[Date "2023.01.06"]
[Round "5"]
[White "Hwang, Ryan"]
[Black "Xing, Zeqi"]
[Result "0-1"]
[WhiteElo "1655"]
[BlackElo "1220"]
[PlyCount "110"]
[EventDate "2023.01.02"]
[EventType "swiss"]
[EventRounds "9"]
[EventCountry "NZL"]
[SourceTitle "CBM 212 Extra"]
[Source "ChessBase"]
[SourceDate "2023.03.31"]
[SourceVersion "1"]
[SourceVersionDate "2023.03.31"]
[SourceQuality "1"]

1. e4 c6 2. d4 d5 3. exd5 cxd5 4. Nf3 Nc6 5. c3 Nf6 6. h3 Bf5 7. Bf4 Qb6 8. b3 e6 9. Bd3 Ne4 10. Nh4 Be7 11. Nxf5 exf5 12. 0-0 Qa5 13. b4 Qd8 14. f3 Nd6 15. Bxd6 Qxd6 16. Bxf5 Qf4 17. Qc2 h6 18. Kh1 0-0 19. Bd3 Rac8 20. Qd2 Qg3 21. f4 f5 22. Rf3 Qh4 23. Qe2 Qf6 24. Nd2 Bxb4 25. cxb4 Nxd4 26. Qe5 Nxf3 27. Nxf3 Rcd8 28. Qxf6 Rxf6 29. Rc1 Rb6 30. a3 g6 31. Kg1 Rc6 32. Rxc6 bxc6 33. Ne5 Rd6 34. Bc2 Kg7 35. Ba4 d4 36. Bxc6 d3 37. Bf3 Rd4 38. g3 d2 39. Kf2 d1Q 40. Bxd1 Rxd1 41. Ke3 Rb1 42. Nd3 Rb3 43. a4 Kf6 44. Kd4 Ke7 45. Kc4 Rb1 46. Ne5 g5 47. Nc6+ Kd6 48. Nxa7 Rf1 49. fxg5 hxg5 50. Kb5 f4 51. gxf4 gxf4 52. Nc6 f3 53. Nd4 f2 54. Nf5+ Kc7 55. Ng3 Rg1 0-1

[Event "NZL-ch U18 op"]
[Site "Wellington"]
[Date "2023.01.04"]
[Round "2"]
[White "Hwang, Ryan"]
[Black "Zhou, Martin"]
[Result "1-0"]
[WhiteElo "1655"]
[BlackElo "1061"]
[PlyCount "63"]
[EventDate "2023.01.02"]
[EventType "swiss"]
[EventRounds "7"]
[EventCountry "NZL"]
[SourceTitle "CBM 212 Extra"]
[Source "ChessBase"]
[SourceDate "2023.03.31"]
[SourceVersion "1"]
[SourceVersionDate "2023.03.31"]
[SourceQuality "1"]

1. e4 c5 2. Nf3 g6 3. Bc4 Bg7 4. d3 d6 5. Nc3 Bg4 6. Bxf7+ Kxf7 7. Ng5+ Ke8 8. Qxg4 Nf6 9. Qe6 Rf8 10. Qh3 h5 11. Ne6 Qa5 12. Nxg7+ Kf7 13. Ne6 Rg8 14. Ng5+ Kg7 15. Qe6 Rf8 16. Qxe7+ Kg8 17. Bd2 Nc6 18. Nd5 Qxd2+ 19. Kxd2 Nxe7 20. Nxe7+ Kg7 21. Ne6+ Kf7 22. Nxf8 Rxf8 23. Nd5 Nxd5 24. exd5 Kg7 25. f3 Rf5 26. c4 b5 27. b3 b4 28. Rae1 Kf7 29. Re6 Rf6 30. Rxf6+ Kxf6 31. Re1 Kf7 32. Re6 1-0

[Event "South Island-ch"]
[Site "Invercargill"]
[Date "2022.10.06"]
[Round "3"]
[White "Paxton, Levi"]
[Black "Hwang, Ryan"]
[Result "0-1"]
[WhiteElo "1668"]
[BlackElo "1356"]
[PlyCount "38"]
[EventDate "2022.10.05"]
[EventType "swiss"]
[EventRounds "8"]
[EventCountry "NZL"]
[SourceTitle "EXT 2024"]
[Source "ChessBase"]
[SourceDate "2023.10.10"]
[SourceVersion "1"]
[SourceVersionDate "2023.10.10"]
[SourceQuality "1"]

1. d4 Nf6 2. c4 g6 3. g3 Bg7 4. Bg2 0-0 5. Nc3 d6 6. Nf3 Nbd7 7. 0-0 Re8 8. Re1 c6 9. e4 c5 10. e5 dxe5 11. dxe5 Ng4 12. e6 fxe6 13. Rxe6 Bxc3 14. bxc3 Nde5 15. Qxd8 Rxd8 16. Rxe5 Nxe5 17. Nxe5 Rd1+ 18. Bf1 Bh3 19. Bb2 Rad8 0-1

[Event "North Island-ch"]
[Site "Auckland"]
[Date "2022.07.16"]
[Round "5"]
[White "Xu, Luna Yuexiu"]
[Black "Hwang, Ryan"]
[Result "0-1"]
[WhiteElo "1313"]
[BlackElo "1340"]
[PlyCount "78"]
[EventDate "2022.07.14"]
[EventType "swiss"]
[EventRounds "9"]
[EventCountry "NZL"]
[SourceTitle "EXT 2024"]
[Source "ChessBase"]
[SourceDate "2023.10.10"]
[SourceVersion "1"]
[SourceVersionDate "2023.10.10"]
[SourceQuality "1"]

1. e4 c5 2. Nf3 Nc6 3. d4 cxd4 4. Nxd4 g6 5. Nc3 Bg7 6. Be3 a6 7. Bc4 Nf6 8. 0-0 0-0 9. Bb3 Qc7 10. Qe2 d5 11. exd5 Nxd4 12. Bxd4 Ng4 13. Be5 Bxe5 14. g3 Nf6 15. f4 Bd4+ 16. Kh1 Bh3 17. Rfe1 Ng4 18. Ne4 Ne3 19. Qd3 Bg2+ 20. Kg1 Bxe4 21. Qxd4 Nxc2 22. Bxc2 Bxc2 23. Rac1 Qa5 24. b4 Qa4 25. Rxe7 Bf5 26. Rce1 Rae8 27. d6 Rxe7 28. Rxe7 Bd7 29. h4 Re8 30. Qf6 Qd1+ 31. Kh2 Qc2+ 32. Kg1 Qb1+ 33. Kh2 Qxa2+ 34. Kg1 Rxe7 35. Qxe7 Qe6 36. Qd8+ Qe8 37. Qf6 Qe1+ 38. Kh2 Qf2+ 39. Kh1 Bc6# 0-1

[Event "NZL-ch U18 op"]
[Site "Christchurch"]
[Date "2022.01.03"]
[Round "1"]
[White "Hwang, Ryan"]
[Black "Langford, Josh"]
[Result "0-1"]
[WhiteElo "1167"]
[BlackElo "1637"]
[PlyCount "96"]
[EventDate "2022.01.03"]
[EventType "swiss"]
[EventRounds "7"]
[EventCountry "NZL"]
[SourceTitle "EXT 2024"]
[Source "ChessBase"]
[SourceDate "2023.10.10"]
[SourceVersion "1"]
[SourceVersionDate "2023.10.10"]
[SourceQuality "1"]

1. e4 c6 2. d4 d5 3. exd5 cxd5 4. Nc3 Nc6 5. Bf4 a6 6. Nf3 Bg4 7. Be2 e6 8. h3 Bh5 9. a3 Rc8 10. Nd2 Bxe2 11. Nxe2 Bd6 12. Bxd6 Qxd6 13. c3 Nf6 14. 0-0 0-0 15. Re1 Na5 16. Ng3 b5 17. Rc1 Nc4 18. Nxc4 bxc4 19. Qd2 Rb8 20. Rc2 Rb3 21. Qg5 Rfb8 22. Ree2 R8b6 23. Qe5 Qxe5 24. dxe5 Nd7 25. f4 Nc5 26. f5 Nd3 27. Nf1 Rxb2 28. Rxb2 Rxb2 29. Rxb2 Nxb2 30. Ne3 Nd3 31. fxe6 fxe6 32. Ng4 h5 33. Ne3 Nxe5 34. Kf2 Kf7 35. Kg3 Kf6 36. h4 Ng4 37. Nxg4+ hxg4 38. Kxg4 d4 39. Kf4 e5+ 40. Kf3 d3 41. g4 e4+ 42. Ke3 Ke5 43. h5 Kf6 44. a4 Kg5 45. Kxe4 d2 46. Kd4 d1Q+ 47. Kxc4 Qxg4+ 48. Kc5 Qxa4 0-1

[Event "North Island-ch"]
[Site "Wellington"]
[Date "2021.04.04"]
[Round "6"]
[White "Hwang, Ryan"]
[Black "Heyworth, Nicholas"]
[Result "0-1"]
[WhiteElo "1126"]
[BlackElo "1752"]
[PlyCount "114"]
[EventDate "2021.04.02"]
[EventType "swiss"]
[EventRounds "8"]
[EventCountry "NZL"]
[SourceTitle "EXT 2024"]
[Source "ChessBase"]
[SourceDate "2023.10.10"]
[SourceVersion "1"]
[SourceVersionDate "2023.10.10"]
[SourceQuality "1"]

1. e4 c5 2. Nf3 d6 3. d4 cxd4 4. Nxd4 Nf6 5. Nc3 a6 6. f3 Qc7 7. Bd3 e6 8. Bd2 Be7 9. Qe2 b5 10. a3 Nbd7 11. f4 h5 12. h3 Bb7 13. 0-0 Rc8 14. Rae1 h4 15. Nf3 Nh5 16. Qe3 Ng3 17. Rf2 d5 18. b4 Nf6 19. exd5 Bxd5 20. Nxh4 Nfe4 21. Nxe4 Nxe4 22. Bxe4 Bxe4 23. c3 Bxh4 24. g3 Bf6 25. Qxe4 Rxh3 26. Kg2 Rh8 27. Re3 Qc6 28. Rff3 Qxe4 29. Rxe4 Rd8 30. Be1 Rd1 31. Rfe3 Rc1 32. f5 Rc2+ 33. Re2 Rxe2+ 34. Rxe2 Ke7 35. Re4 Rc8 36. fxe6 fxe6 37. Re3 Kd6 38. Kf3 Rc4 39. Re4 Rc6 40. Re3 Kd5 41. Ke2 Kc4 42. Kd2 Bg5 43. g4 Bxe3+ 44. Kxe3 Kd5 45. Kd3 e5 46. Bf2 Rg6 47. Bc5 Rxg4 48. Kd2 Ke4 49. Bd6 Rg2+ 50. Ke1 Ra2 51. Kd1 g5 52. Bc5 Kd3 53. Ke1 e4 54. Bd4 e3 55. Kf1 g4 56. Be5 e2+ 57. Kf2 Ra1 0-1